000 00223nmm a2200085Ia 4500
008 220120s9999||||xx |||||||||||||||||und||
100 _aDigit
245 0 _aE3 2015, harror games, steamOS, django tools
260 _aNine dot Nine
999 _c139979
_d139979